Bàn về cái nhạt : Dựa vào tư tưởng và mỹ học Trung Hoa /

Gespeichert in:
Bibliographische Detailangaben
1. Verfasser: Jullien, Francois
Weitere Verfasser: Trương, Thị An Na (dịch và giới thiệu)
Format: Sách giấy
Sprache:Vietnamese
Veröffentlicht: Đà Nẵng : Nxb. Đà Nẵng, 2003
Schlagworte:
Tags: Tag hinzufügen
Keine Tags, Fügen Sie den ersten Tag hinzu!
Thư viện lưu trữ: Thư viện Trường Đại học Đà Lạt
LEADER 00843nam a2200301 4500
001 DLU060054610
005 ##20060627
040 # # |a DLU  |b vie 
041 # # |a vie 
044 # # |a vn 
082 # # |a 181.11  |b JU-F 
100 # # |a Jullien, Francois 
245 # # |a Bàn về cái nhạt :  |b Dựa vào tư tưởng và mỹ học Trung Hoa /  |c Francois Jullien; Trương Thị An Na dịch và giới thiệu 
260 # # |a Đà Nẵng :  |b Nxb. Đà Nẵng,  |c 2003 
300 # # |a 169 tr. ;  |c 20 cm 
653 # # |a Mỹ học 
653 # # |a Triết học Trung Quốc 
700 # # |a Trương, Thị An Na,  |e dịch và giới thiệu 
923 # # |a 13/2006 
992 # # |a 27.000 
994 # # |a DLU 
900 # # |a True 
911 # # |a Đào Thị Thu Huyền 
925 # # |a G 
926 # # |a A 
927 # # |a SH 
980 # # |a Thư viện Trường Đại học Đà Lạt